| 000 | 02332nam a2200229Ia 4500 | ||
|---|---|---|---|
| 003 | OSt | ||
| 005 | 20260206050531.0 | ||
| 008 | 181105s2016 xx 000 0 und | ||
| 020 | _a9788896155196 | ||
| 040 | _cNLS | ||
| 082 | _a347.447 ODO | ||
| 100 | _aOdotte, Collin | ||
| 245 |
_aBalancing the scales of electoral justice : _bresolving disputes from the 2013 elections in Kenya and the emerging jurisprudence / _cCollin Odotte |
||
| 260 |
_aItaly : _bIDLO, _c2016. |
||
| 300 |
_axiv, 351 p. ; _c22 cm. |
||
| 505 | _aIntroduction - Dr. Collins Odote and Dr Linda Musumba 1 I. Judiciary’s Quest for A Speedy and Just Electoral Dispute Resolution Mechanism: Lessons from Kenya’s 2013 Elections Justice David Majanja 19 II. A Critique of the Raila Odinga Vs IEBC Decision in Light of the Legal Standards for Genuine Presidential Elections in Kenya Francis Ang’ila Aywa 46 III. A New Dawn Postponed: The Constitutional Threshold for Valid Elections in Kenya and Section 83 of the Elections Act Heidi Evelyn and Waikwa Wanyoike 78 IV. Standards of Review and Resolution of Electoral Disputes in Kenya: A Review of the Jurisdiction of the High Court; The Court of Appeal and The Supreme Court Muthomi Thiankolu 114 V. Comparative Perspectives on Kenya’s Post-2013 Election Dispute Resolution Process and Emerging Jurisprudence Prof. H. Kwasi Prempeh 149 VI. Gender Issues in Electoral Politics in Kenya; The Unrealized Constitutional Promise Prof. Wanjiku Mukabi Kabira and Prof. Patricia Kameri-Mbote 177 VII. Evidentiary Matters in Election Petitions in Kenya: Progress or Backsliding? Elisha Z. Ongoya 215 VIII. Scrutiny in Electoral Disputes: A Kenyan Judicial Perspective Justice David Maraga 243 IX. Friend of the Court or Partisan Irritant? The Role of Amicus Curiae in Kenya’s Election Disputes Resolution Dr. Collins Odote 276 X. Best Foot Forward: A Critical Assessment of the Lawyering Demonstrated During the 2013 Presidential Election Petition in Kenya Dr. Linda Musumba 305 | ||
| 650 | _aJurisprudence | ||
| 650 | _aElectoral justice | ||
| 700 | _aMusumba, Linda | ||
| 856 | _uhttps://www.idlo.int/sites/default/files/pdfs/publications/Balancing%20the%20Scales%20of%20Electoral%20Justice%20-%20Resolving%20Disputes%20from%20the%202013%20Elections%20in%20Kenya.pdf | ||
| 942 |
_2ddc _cBK |
||
| 999 |
_c111993 _d111993 |
||